[Event "EYCC 2024 - O08"]
[Site "?"]
[Date "2024.08.26"]
[Round "5.8"]
[White "Kapelinsky, Amos"]
[Black "Le Doan, Minh Thuc"]
[Result "1-0"]
[BlackElo "1644"]
[WhiteElo "1430"]
[LiveChessVersion "1.4.8"]

1. e4 {[%clk 1:30:51]} c5 {[%clk 1:30:53]} 2. Nf3 {[%clk 1:31:01]} d6
{[%clk 1:31:18]} 3. d4 {[%clk 1:31:15]} cxd4 {[%clk 1:31:42]} 4. Nxd4
{[%clk 1:31:33]} Nf6 {[%clk 1:31:58]} 5. Nc3 {[%clk 1:31:47]} Nc6
{[%clk 1:31:32]} 6. f3 {[%clk 1:31:38]} e6 {[%clk 1:31:39]} 7. Be3
{[%clk 1:31:48]} Be7 {[%clk 1:31:41]} 8. Qd2 {[%clk 1:32:08]} O-O
{[%clk 1:31:15]} 9. O-O-O {[%clk 1:32:07]} Bd7 {[%clk 1:30:38]} 10. g4
{[%clk 1:32:20]} g6 {[%clk 1:29:03]} 11. Bh6 {[%clk 1:32:12]} Re8
{[%clk 1:29:13]} 12. h4 {[%clk 1:32:17]} Ne5 {[%clk 1:15:54]} 13. h5
{[%clk 1:31:55]} a6 {[%clk 1:13:09]} 14. hxg6 {[%clk 1:24:45]} fxg6
{[%clk 1:12:36]} 15. Bh3 {[%clk 1:20:31]} Qb6 16. Qh2 {[%clk 1:11:05]} Nf7
{[%clk 0:46:31]} 17. Be3 {[%clk 1:09:08]} e5 {[%clk 0:40:57]} 18. Nf5
{[%clk 1:08:13]} Qd8 {[%clk 0:40:28]} 19. Nh6+ {[%clk 1:07:22]} Nxh6
{[%clk 0:40:13]} 20. Bxh6 {[%clk 1:06:48]} Bf8 {[%clk 0:38:55]} 21. Bxf8
{[%clk 1:06:45]} Rxf8 {[%clk 0:38:11]} 22. Rxd6 {[%clk 1:06:07]} Ne8
{[%clk 0:36:22]} 23. Rd3 {[%clk 1:05:07]} Qg5+ {[%clk 0:36:05]} 24. Kb1
{[%clk 1:05:02]} Bb5 {[%clk 0:32:19]} 25. Bg2 {[%clk 1:04:15]} Nf6
{[%clk 0:30:40]} 26. Rd6 {[%clk 1:01:47]} Bc6 {[%clk 0:26:31]} 27. Rxf6
{[%clk 1:00:26]} Rxf6 {[%clk 0:25:21]} 28. Qxh7+ {[%clk 1:00:44]} Kf8
{[%clk 0:25:34]} 29. Qh8+ {[%clk 1:00:58]} Ke7 {[%clk 0:25:26]} 30. Qxa8
{[%clk 1:00:49]} Qd2 {[%clk 0:24:36]} 31. Qh8 {[%clk 0:56:20]} Qxg2 32. Rh7+
{[%clk 0:56:01]} Ke6 {[%clk 0:23:01]} 33. Qc8+ {[%clk 0:54:40]} Kd6
{[%clk 0:22:03]} 34. Qc7+ {[%clk 0:54:44]} Kc5 {[%clk 0:22:12]} 35. Qxe5+
{[%clk 0:54:41]} Kb6 {[%clk 0:22:05]} 36. Qd4+ {[%clk 0:54:55]} Ka5
{[%clk 0:22:15]} 37. b4# {[%clk 0:54:30]} 1-0

[Event "EYCC 2024 - O08"]
[Site "?"]
[Date "2024.08.26"]
[Round "5.9"]
[White "Kapitanski, Furion"]
[Black "Czachurski, Ignacy"]
[Result "0-1"]
[BlackElo "1525"]
[WhiteElo "1631"]
[LiveChessVersion "1.4.8"]

1. e4 {[%clk 1:30:59]} c5 {[%clk 1:30:52]} 2. Nf3 {[%clk 1:31:24]} e6
{[%clk 1:31:08]} 3. d4 {[%clk 1:31:50]} cxd4 {[%clk 1:31:24]} 4. Nxd4
{[%clk 1:32:12]} Nf6 {[%clk 1:31:30]} 5. Nc3 {[%clk 1:32:32]} Nc6
{[%clk 1:31:38]} 6. Ndb5 {[%clk 1:32:49]} Bb4 {[%clk 1:31:06]} 7. a3
{[%clk 1:33:06]} Bxc3+ {[%clk 1:24:04]} 8. Nxc3 {[%clk 1:31:26]} O-O
{[%clk 1:22:02]} 9. Bg5 {[%clk 1:27:32]} h6 {[%clk 1:18:25]} 10. Bh4
{[%clk 1:24:39]} Re8 {[%clk 1:14:40]} 11. Be2 {[%clk 1:19:51]} g5
{[%clk 1:04:42]} 12. Bg3 {[%clk 1:20:02]} d5 {[%clk 1:03:56]} 13. exd5
{[%clk 1:15:46]} exd5 {[%clk 1:03:35]} 14. h4 {[%clk 1:12:32]} d4
{[%clk 1:01:42]} 15. hxg5 {[%clk 1:10:37]} hxg5 {[%clk 0:44:30]} 16. Qd2
{[%clk 0:35:47]} Qa5 {[%clk 0:35:40]} 17. Nb1 {[%clk 0:33:23]} Qxd2+
{[%clk 0:34:31]} 18. Nxd2 {[%clk 0:33:04]} d3 {[%clk 0:33:59]} 19. cxd3
{[%clk 0:31:05]} Nd4 {[%clk 0:34:08]} 20. Kd1 Nxe2 {[%clk 0:33:55]} 21. Nc4
{[%clk 0:24:05]} Nxg3 {[%clk 0:33:20]} 22. fxg3 {[%clk 0:24:24]} Bg4+
{[%clk 0:33:16]} 23. Kc1 {[%clk 0:24:07]} Rad8 {[%clk 0:33:05]} 24. Rf1
{[%clk 0:23:56]} Nh5 {[%clk 0:32:32]} 25. Nd2 {[%clk 0:23:22]} Nxg3
{[%clk 0:32:32]} 26. Ne4 {[%clk 0:22:42]} Nxe4 {[%clk 0:32:44]} 27. dxe4
{[%clk 0:23:03]} Rxe4 {[%clk 0:32:46]} 28. Rg1 {[%clk 0:22:26]} Bf5
{[%clk 0:32:53]} 29. Rf1 {[%clk 0:22:46]} Rc4# {[%clk 0:33:07]} 0-1

[Event "EYCC 2024 - O08"]
[Site "?"]
[Date "2024.08.26"]
[Round "5.10"]
[White "Vasiloi, Leonard"]
[Black "Predarski, Stefan"]
[Result "1-0"]
[BlackElo "1734"]
[WhiteElo "1565"]
[LiveChessVersion "1.4.8"]

1. e4 {[%clk 1:30:50]} c6 {[%clk 1:30:53]} 2. d4 {[%clk 1:31:10]} d5
{[%clk 1:31:11]} 3. Nc3 {[%clk 1:31:18]} dxe4 {[%clk 1:31:25]} 4. Nxe4
{[%clk 1:31:34]} Nf6 {[%clk 1:31:36]} 5. Nxf6+ {[%clk 1:31:47]} exf6
{[%clk 1:31:52]} 6. c3 {[%clk 1:32:05]} Bd6 {[%clk 1:31:51]} 7. Bd3
{[%clk 1:32:25]} O-O {[%clk 1:31:40]} 8. Qc2 {[%clk 1:32:45]} h5 {[%clk 1:29:36]}
9. Be3 {[%clk 1:30:17]} Re8 {[%clk 1:28:45]} 10. Ne2 {[%clk 1:30:10]} Bg4
{[%clk 1:27:50]} 11. O-O-O {[%clk 1:29:13]} b5 {[%clk 1:26:28]} 12. h3
{[%clk 1:28:39]} Be6 {[%clk 1:25:37]} 13. a4 {[%clk 1:27:18]} Nd7
{[%clk 1:12:44]} 14. axb5 {[%clk 1:17:59]} cxb5 {[%clk 1:12:11]} 15. d5
{[%clk 1:18:23]} Be5 {[%clk 1:04:50]} 16. dxe6 {[%clk 1:18:33]} Rxe6
{[%clk 1:04:08]} 17. Bf5 Re7 {[%clk 1:00:24]} 18. Bc5 {[%clk 1:18:56]} Re8
{[%clk 1:30:30]} 19. Bxd7 1-0

[Event "EYCC 2024 - O08"]
[Site "?"]
[Date "2024.08.26"]
[Round "5.11"]
[White "Reclik, Jakub"]
[Black "Vo, Daniel"]
[Result "0-1"]
[BlackElo "1707"]
[WhiteElo "1518"]
[LiveChessVersion "1.4.8"]

1. e4 {[%clk 1:30:59]} c5 {[%clk 1:30:52]} 2. Nf3 {[%clk 1:31:24]} e6
{[%clk 1:31:11]} 3. d4 {[%clk 1:31:39]} cxd4 {[%clk 1:31:16]} 4. Nxd4
{[%clk 1:31:58]} a6 {[%clk 1:31:16]} 5. Nc3 {[%clk 1:31:24]} Qc7 {[%clk 1:31:27]}
6. Bd3 {[%clk 1:26:47]} Nf6 {[%clk 1:28:47]} 7. O-O {[%clk 1:22:56]} Nc6
{[%clk 1:26:49]} 8. Nf3 {[%clk 1:21:14]} Bc5 {[%clk 1:23:26]} 9. Qe2
{[%clk 1:17:38]} Nd4 {[%clk 1:17:45]} 10. Nxd4 {[%clk 1:12:03]} Bxd4
{[%clk 1:17:27]} 11. Bd2 {[%clk 1:10:15]} O-O {[%clk 1:14:11]} 12. Nd1
{[%clk 0:53:37]} b5 {[%clk 1:08:20]} 13. c3 {[%clk 0:53:48]} Bb6 {[%clk 1:05:23]}
14. Ne3 {[%clk 0:52:29]} Bb7 {[%clk 1:03:12]} 15. f3 {[%clk 0:51:54]} d5
{[%clk 1:00:41]} 16. exd5 {[%clk 0:49:23]} Nxd5 {[%clk 0:59:15]} 17. Kh1
{[%clk 0:48:23]} Nf4 {[%clk 0:58:18]} 18. Qd1 {[%clk 0:40:22]} Nxd3
{[%clk 0:56:32]} 19. Qc2 {[%clk 0:40:00]} Ne5 {[%clk 0:55:56]} 20. Rad1
{[%clk 0:36:09]} Rfd8 {[%clk 0:55:19]} 21. a3 Rd3 {[%clk 0:54:07]} 22. Rfe1
{[%clk 0:28:51]} Rad8 {[%clk 0:52:15]} 23. Bc1 {[%clk 0:22:18]} Nxf3
{[%clk 0:45:01]} 24. Rf1 {[%clk 0:19:03]} Qxh2# {[%clk 0:44:38]} 0-1

[Event "EYCC 2024 - O08"]
[Site "?"]
[Date "2024.08.26"]
[Round "5.12"]
[White "Saxena, Advik"]
[Black "Cherem, Yoseph"]
[Result "0-1"]
[BlackElo "1606"]
[WhiteElo "1678"]
[LiveChessVersion "1.4.8"]

1. e4 {[%clk 1:30:52]} c6 {[%clk 1:30:43]} 2. Nf3 {[%clk 1:25:58]} d5
{[%clk 1:30:30]} 3. Nc3 {[%clk 1:23:41]} dxe4 {[%clk 1:30:39]} 4. Nxe4
{[%clk 1:23:08]} Nf6 {[%clk 1:29:59]} 5. Qe2 {[%clk 1:22:31]} Nxe4
{[%clk 1:28:53]} 6. Qxe4 {[%clk 1:22:27]} g6 {[%clk 1:29:04]} 7. Bc4
{[%clk 1:22:07]} Bg7 {[%clk 1:28:59]} 8. O-O {[%clk 1:20:30]} O-O
{[%clk 1:29:16]} 9. Re1 {[%clk 1:20:47]} Re8 {[%clk 1:27:45]} 10. Ne5
{[%clk 1:17:37]} e6 {[%clk 1:27:10]} 11. Qf4 {[%clk 1:16:48]} Qc7
{[%clk 1:27:06]} 12. d4 {[%clk 1:14:06]} Qe7 {[%clk 1:23:38]} 13. Ng4
{[%clk 1:06:17]} Qb4 {[%clk 1:23:09]} 14. Nf6+ {[%clk 1:03:02]} Bxf6
{[%clk 1:23:12]} 15. Qxf6 {[%clk 1:03:26]} Nd7 {[%clk 1:23:14]} 16. Qh4
{[%clk 1:03:04]} Qxe1+ {[%clk 1:22:55]} 17. Bf1 {[%clk 1:03:26]} b6
{[%clk 1:22:12]} 18. c4 {[%clk 0:57:05]} Ba6 {[%clk 1:21:56]} 19. b3
{[%clk 0:56:42]} Qb4 {[%clk 1:21:31]} 20. Qg3 {[%clk 0:51:05]} Rac8
{[%clk 1:21:13]} 21. a4 {[%clk 0:49:52]} Qe7 {[%clk 1:21:00]} 22. Ba3
{[%clk 0:49:34]} Qf6 {[%clk 1:21:10]} 23. Rd1 {[%clk 0:49:37]} Red8
{[%clk 1:19:23]} 24. b4 {[%clk 0:49:38]} Nf8 {[%clk 1:17:27]} 25. Bb2
{[%clk 0:49:43]} Qe7 {[%clk 1:17:34]} 26. Qc3 {[%clk 0:49:42]} e5
{[%clk 1:17:16]} 27. Re1 {[%clk 0:49:05]} exd4 {[%clk 1:17:22]} 28. Qd2
{[%clk 0:49:01]} Qf6 {[%clk 1:17:13]} 29. Re4 {[%clk 0:45:28]} c5
{[%clk 1:17:06]} 30. b5 {[%clk 0:45:25]} Bb7 {[%clk 1:17:13]} 31. Re1
{[%clk 0:45:39]} Ne6 {[%clk 1:16:25]} 32. a5 {[%clk 0:42:33]} bxa5
{[%clk 1:14:35]} 33. Qxa5 {[%clk 0:39:25]} a6 {[%clk 1:14:48]} 34. bxa6
{[%clk 0:36:22]} Ra8 {[%clk 1:14:56]} 35. a7 {[%clk 0:35:37]} Qg5
{[%clk 1:13:27]} 36. Bc1 {[%clk 0:32:55]} Qg4 {[%clk 1:12:10]} 37. h3
{[%clk 0:26:43]} Qh4 {[%clk 1:12:10]} 38. Qb6 {[%clk 0:24:19]} Qe7
{[%clk 1:11:56]} 39. h4 {[%clk 0:23:31]} Rd6 {[%clk 1:11:57]} 40. Qxc5
{[%clk 0:21:32]} Nxc5 {[%clk 1:12:13]} 41. Rxe7 {[%clk 0:21:59]} Rxa7
{[%clk 1:11:44]} 42. Re8+ {[%clk 0:22:08]} Kg7 {[%clk 1:11:51]} 43. Bf4
{[%clk 0:22:31]} Re6 {[%clk 1:11:54]} 44. Rxe6 {[%clk 0:22:42]} Nxe6
{[%clk 1:12:10]} 45. Bd6 {[%clk 0:23:04]} Ra1 {[%clk 1:12:11]} 46. c5
{[%clk 0:23:22]} d3 {[%clk 1:12:24]} 47. Be5+ {[%clk 0:23:48]} f6
{[%clk 1:12:17]} 48. Bxa1 {[%clk 0:24:13]} Nxc5 {[%clk 1:12:17]} 49. Bc3
{[%clk 0:24:35]} Ne4 {[%clk 1:12:11]} 50. Bxf6+ {[%clk 0:24:46]} Kxf6
{[%clk 1:12:20]} 51. Bxd3 {[%clk 0:25:10]} Ke5 {[%clk 1:12:11]} 52. f3
{[%clk 0:24:46]} Nc5 {[%clk 1:12:10]} 53. Bc2 {[%clk 0:24:43]} Ba6
{[%clk 1:12:21]} 54. h5 {[%clk 0:25:05]} Bd3 {[%clk 1:12:18]} 55. Bxd3
{[%clk 0:24:41]} Nxd3 {[%clk 1:12:34]} 56. hxg6 {[%clk 0:25:07]} hxg6
{[%clk 1:12:42]} 57. g3 {[%clk 0:25:22]} Kd4 {[%clk 1:12:41]} 58. Kh2
{[%clk 0:25:20]} Ke3 {[%clk 1:12:57]} 59. f4 {[%clk 0:25:42]} Kf3
{[%clk 1:12:14]} 60. Kh3 {[%clk 0:25:39]} Nc5 {[%clk 1:11:15]} 61. Kh4
{[%clk 0:25:41]} Ne4 {[%clk 1:11:28]} 62. g4 {[%clk 0:25:30]} Kxf4
{[%clk 1:10:26]} 63. g5 {[%clk 0:25:54]} Kf3 {[%clk 1:10:36]} 64. Kh3
{[%clk 0:26:12]} Nxg5+ {[%clk 1:10:46]} 65. Kh2 {[%clk 0:26:34]} Ne4
{[%clk 1:10:51]} 66. Kg1 {[%clk 0:26:57]} g5 {[%clk 1:10:24]} 67. Kf1
{[%clk 0:27:10]} g4 {[%clk 1:10:42]} 68. Kg1 {[%clk 0:27:37]} g3 {[%clk 1:10:54]}
69. Kf1 {[%clk 0:27:57]} Nd6 {[%clk 1:11:12]} 70. Kg1 {[%clk 0:28:21]} g2
{[%clk 1:11:02]} 71. Kh2 {[%clk 0:28:39]} Kf2 {[%clk 1:11:11]} 72. Kh3
{[%clk 0:29:03]} g1=Q {[%clk 1:11:14]} 73. Kh4 {[%clk 0:29:28]} Nf7
{[%clk 1:11:09]} 74. Kh5 {[%clk 0:29:49]} Qg5# {[%clk 1:11:11]} 0-1